|
|
|
|
| LEADER |
00841nam a2200265 4500 |
| 001 |
DLU120145046 |
| 005 |
##20121224 |
| 040 |
# |
# |
|a DLU
|b vie
|
| 041 |
# |
# |
|a vie
|
| 044 |
# |
# |
|a vn
|
| 100 |
# |
# |
|a Nguyễn Thị Thu Thủy,
|c ThS.
|
| 245 |
# |
# |
|a Nhân vật và các biểu tượng cây trong tiểu thuyết Cha và con của I.Turgenev /
|c Nguyễn Thị Thu Thủy.
|
| 653 |
# |
# |
|a Hình tượng
|
| 653 |
# |
# |
|a Phong cảnh thiên nhiên
|
| 653 |
# |
# |
|a Xung đột
|
| 773 |
# |
# |
|t Tạp chí Khoa học Xã hội và Nhân văn
|g Số 3(22), 2006, tr. 28-39
|
| 920 |
# |
# |
|a Phòng Tạp chí -- Trung tâm Thông tin - Thư viện Trường Đại học Đà Lạt
|
| 994 |
# |
# |
|a DLU
|
| 900 |
# |
# |
|a True
|
| 911 |
# |
# |
|a Nguyễn Thị Linh Chi
|
| 925 |
# |
# |
|a G
|
| 926 |
# |
# |
|a A
|
| 927 |
# |
# |
|a BB
|
| 980 |
# |
# |
|a Thư viện Trường Đại học Đà Lạt
|